Central Library OPAC University of Rajshahi

/پاکستان اور دنیا ;; Pakistan aur dunya / (Record no. 83754)

MARC details
000 -LEADER
fixed length control field 00768cam a2200217 i 4500
001 - CONTROL NUMBER
control field 83754
003 - CONTROL NUMBER IDENTIFIER
rucl marc code BD-RjUL
005 - DATE AND TIME OF LATEST TRANSACTION
control field 20240515142626.0
008 - FIXED-LENGTH DATA ELEMENTS--GENERAL INFORMATION
fixed length control field 190311s2019 ii a b 101 0 eng d
035 ## - SYSTEM CONTROL NUMBER
System control number (BD-RjUL) 83754
040 ## - CATALOGING SOURCE
Original cataloging agency DKAGE
Language of cataloging eng
Transcribing agency DKAGE
Modifying agency OCLCF
041 ## - LANGUAGE CODE
Language code of text/sound track or separate title urd
082 04 - DEWEY DECIMAL CLASSIFICATION NUMBER
Classification number 915.491
Edition number 23
Author mark and year AHP 1950
100 ## - MAIN ENTRY--PERSONAL NAME
Personal name احمد، قاضی سعید الدین ;; Ahmed, Qazi Saeiduddin
9 (RLIN) 13029
245 10 - TITLE STATEMENT
Title /پاکستان اور دنیا ;; Pakistan aur dunya /
Statement of responsibility, etc. قاضی سعید الدین احمد ;; Qazi Saeiduddin Ahmed
264 #1 - PRODUCTION, PUBLICATION, DISTRIBUTION, MANUFACTURE, AND COPYRIGHT NOTICE
Place of production, publication, distribution, manufacture NewIraq :
Name of producer, publisher, distributor, manufacturer Salur bardat
Date of production, publication, distribution, manufacture, or copyright notice 1950
300 ## - PHYSICAL DESCRIPTION
Pagination 320 pages :
Illustrations illustrations (black and white) ;
Size 24 cm
650 #0 - SUBJECT ADDED ENTRY--TOPICAL TERM
Topical term or geographic name as entry element Travels
Geographic subdivision Pakistan and world
9 (RLIN) 13028
942 ## - ADDED ENTRY ELEMENTS (KOHA)
Source of classification or shelving scheme Dewey Decimal Classification
Koha item type Books
Holdings
Lost status Source of classification or shelving scheme Damaged status Not for loan Collection code Permanent Location Current Location Shelving location Date acquired Source of acquisition Total Checkouts Full call number Date last seen Copy number Koha item type
  Dewey Decimal Classification   Not For Loan Non-fiction Central Library, University of Rajshahi Central Library, University of Rajshahi Reading Room 13/06/1955 pal ltd,   U 915.491 AHP 1950 15/05/2024 C-1 Books